Tìm hiểu văn hóa dân gian làng Yên Thái : Tây Hồ - Hà Nội
Sách giới thiệu lịch sử hình thành, phát triển làng, di tích lịch sử - văn hóa, lễ hội và nghề làm giấy dó, văn học dân gian và phong tục tập quán làng Yên Thái.
Αποθηκεύτηκε σε:
| Συγγραφή απο Οργανισμό/Αρχή: | |
|---|---|
| Μορφή: | Βιβλίο |
| Γλώσσα: | Undetermined |
| Έκδοση: |
Hà Nội
Văn hóa Dân tộc
2011
|
| Θέματα: | |
| Ετικέτες: |
Προσθήκη ετικέτας
Δεν υπάρχουν, Καταχωρήστε ετικέτα πρώτοι!
|
| Thư viện lưu trữ: | Trung tâm Học liệu Trường Đại học Cần Thơ |
|---|
| LEADER | 00969nam a2200217Ia 4500 | ||
|---|---|---|---|
| 001 | CTU_170619 | ||
| 008 | 210402s9999 xx 000 0 und d | ||
| 082 | |a 398.0959731 | ||
| 082 | |b H452 | ||
| 110 | |a Hội văn nghệ dân gian Việt Nam | ||
| 245 | 0 | |a Tìm hiểu văn hóa dân gian làng Yên Thái : | |
| 245 | 0 | |b Tây Hồ - Hà Nội | |
| 245 | 0 | |c Lê Văn Kỳ (Sưu tầm, biên soạn, giới thiệu) | |
| 260 | |a Hà Nội | ||
| 260 | |b Văn hóa Dân tộc | ||
| 260 | |c 2011 | ||
| 520 | |a Sách giới thiệu lịch sử hình thành, phát triển làng, di tích lịch sử - văn hóa, lễ hội và nghề làm giấy dó, văn học dân gian và phong tục tập quán làng Yên Thái. | ||
| 650 | |a Folklore,Văn hóa dân gian | ||
| 650 | |z Vietnam,Việt Nam | ||
| 904 | |i Trọng Hải | ||
| 980 | |a Trung tâm Học liệu Trường Đại học Cần Thơ | ||